| 000 | 00528cam a22002171 4500 | ||
|---|---|---|---|
| 001 | sa 68009867 | ||
| 003 | DLC | ||
| 005 | 20260227112547.0 | ||
| 008 | 890912m19621968ii 000 0 inco | ||
| 010 | _asa 68009867 | ||
| 035 | _a(OCoLC)20328239 | ||
| 040 |
_aDLC _cWaU _dDLC |
||
| 042 | _apremarc | ||
| 050 | 0 | 0 |
_aPL4563 _b.S2 |
| 100 | 1 |
_aSāhu, Domana, _d1924- |
|
| 245 | 1 | 0 | _aSantālī praveśikā. |
| 260 | _c1962-68 | ||
| 300 |
_a2 v. in 1. _c19 cm. |
||
| 500 | _aIn Santali. | ||
| 650 | 0 |
_aSantali language _vReaders. |
|
| 999 |
_c83203 _d83203 |
||